书目信息 |
| 题名: |
PMO知识体系指南
|
|
| 作者: | ;PMO知识体系指南编写组 编著 | |
| 分册: | ||
| 出版信息: | 北京 机械工业出版社 2025.01 |
|
| 页数: | 13,389页 | |
| 开本: | 26cm | |
| 丛书名: | ||
| 单 册: | ||
| 中图分类: | F272-62 | |
| 科图分类: | ||
| 主题词: | 企业管理--项目管理--指南 | |
| 电子资源: | ||
| ISBN: | 978-7-111-76804-3 | |
| 000 | 01136nam0 2200229 450 | |
| 001 | 01044545 | |
| 005 | 20251022174013.78 | |
| 010 | @a978-7-111-76804-3@dCNY89.00 | |
| 100 | @a20241011d2025 em y0chiy0120 ea | |
| 101 | 0 | @achi |
| 102 | @aCN@b110000 | |
| 105 | @aa z 000yy | |
| 106 | @ar | |
| 200 | 1 | @aPMO知识体系指南@9PMO zhi shi ti xi zhi nan@dGuide to the PMO body of knowledge@f《PMO知识体系指南》编写组编著@zeng |
| 210 | @a北京@c机械工业出版社@d2025.01 | |
| 215 | @a13,389页@d26cm | |
| 330 | @a本书通过对PMO工作实践的提炼、总结,探讨了PMO对组织持续发展的贡献、PMO的价值、PMO的工作职责和原则、PMO的工作内容、PMO的最佳实践及常用工具和技术等项目管理界普遍关注的问题,形成了可复用的、标准的体系。本书希望能够在一定范围内创造PMO及其项目管理的最佳秩序,对项目管理潜在问题和现实问题制定通用和可重复使用的规则,大大提高项目管理的效率和质量,充分发挥出PMO对组织不可替代的作用,使组织在日益激烈的竞争中立于不败之地。 | |
| 606 | 0 | @a企业管理@x项目管理@j指南 |
| 690 | @aF272-62@v5 | |
| 711 | 02 | @aPMO知识体系指南编写组@9PMO zhi shi ti xi zhi nan bian xie zu@4编著 |
| 801 | 0 | @aCN@c20250905 |
| 905 | @a河南城建学院图书馆@dF272@eZ470@ZZ470@f1 | |
| PMO知识体系指南=Guide to the PMO body of knowledge/《PMO知识体系指南》编写组编著.-北京:机械工业出版社,2025.01 |
| 13,389页;26cm |
| ISBN 978-7-111-76804-3:CNY89.00 |
| 本书通过对PMO工作实践的提炼、总结,探讨了PMO对组织持续发展的贡献、PMO的价值、PMO的工作职责和原则、PMO的工作内容、PMO的最佳实践及常用工具和技术等项目管理界普遍关注的问题,形成了可复用的、标准的体系。本书希望能够在一定范围内创造PMO及其项目管理的最佳秩序,对项目管理潜在问题和现实问题制定通用和可重复使用的规则,大大提高项目管理的效率和质量,充分发挥出PMO对组织不可替代的作用,使组织在日益激烈的竞争中立于不败之地。 |
| ● |
| 相关链接 |
|
|
|
正题名:PMO知识体系指南
索取号:F272/Z470
 
预约/预借
| 序号 | 登录号 | 条形码 | 馆藏地/架位号 | 状态 | 备注 |
| 1 | 1631083 | 216310837 | 社科库409/409社科库 87排3列5层/ [索取号:F272/Z470] | 在馆 |